000 00317nam a22001457a 4500
020 _a0 408 70522 1
082 _a629.892 YOU.
100 _aYOUNG JOHN
245 _aROBOTSICS
260 _aEngland
_bRedwood
_c1973
300 _a301p.
_bill, 23cm.
500 _aInclude, Index.
650 _aROBOTICS
942 _cBK
999 _c17424
_d17424